00322nam a2200145Ia 45000030006000000080041000060400015000471000019000622450041000812500010001222600009001323000006001415460012001470050017001590STCL150530s9999 xx 000 0 und d aSTCLcSTCL aWinternitz, M. aHistory of Indian literature vol-111 aFirst c1963 a0 aEnglish20220125170825.0